Las Estafas y Otros Delitos Patrimoniales.
Zapisane w:
| 1. autor: | |
|---|---|
| Format: | Nieznany |
| Wydane: |
Santiago, Chile:
Jurídica de Chile,
2022.
|
| Wydanie: | Quinta edición actualizada, corregida y aumentada. |
| Hasła przedmiotowe: | |
| Etykiety: |
Dodaj etykietę
Nie ma etykietki, Dołącz pierwszą etykiete!
|
MARC
| LEADER | 00000 a2200000 4500 | ||
|---|---|---|---|
| 003 | CL-VaPUC | ||
| 005 | 20220908165228.0 | ||
| 008 | 220826t2022 ||||| |||| 00| 0 eng d | ||
| 999 | |c 438529 |d 438527 | ||
| 020 | |a 978-956-10-2655-1 (obra completa); 978-956-10-2656-8 (tomo I); 978-956-10-2657-5 (tomo II) | ||
| 040 | |c Pontificia Universidad Católica de Valparaíso | ||
| 082 | |2 22 |a 345.8302 SIL 2022 | ||
| 100 | |a Silva Silva, Hernán |9 875984 |e autor | ||
| 245 | |a Las Estafas y Otros Delitos Patrimoniales. | ||
| 250 | |a Quinta edición actualizada, corregida y aumentada. | ||
| 260 | |a Santiago, Chile: |b Jurídica de Chile, |c 2022. | ||
| 300 | |a 2 tomos. | ||
| 505 | |a Del delito informático, delitos concursales, la usura, del delito de giro doloso de cheques con sentencias del tribunal constitucional, la estafa procesal, teoría de los concursos de delitos, delito tributario y la elusión tributaria. Doctrina, jurisprudencia y derecho comparado. | ||
| 583 | |k Catalogador Asistente |c 20220826 | ||
| 650 | 0 | |9 11 |a Derecho penal |x Delitos y estafas |z Chile | |
| 650 | 0 | |9 862156 |a Código penal |x Comparado |z Chile | |
| 650 | 0 | |9 224143 |a Delitos |x Tipologías | |
| 942 | |2 ddc |c BK | ||
| 952 | |0 0 |1 0 |2 ddc |4 0 |6 345_830200000000000_SIL_2022 |7 0 |8 A |9 586447 |a BIBDER |b BIBDER |c GEN |d 2022-08-26 |e 22 |g 30500.00 |h t.II |i 5654444 |l 1 |o 345.8302 SIL 2022 |p 5654444 |r 2023-01-25 |s 2022-09-15 |t 1 |v 30500.00 |w 2022-08-26 |y BK |k DER | ||
| 952 | |0 0 |1 0 |2 ddc |4 0 |6 345_830200000000000_SIL_2022 |7 0 |8 A |9 586448 |a BIBDER |b BIBDER |c GEN |d 2022-08-26 |e 22 |g 30500.00 |h t.I |i 5654443 |l 1 |o 345.8302 SIL 2022 |p 5654443 |r 2024-10-25 |s 2024-10-25 |t 1 |v 30500.00 |w 2022-08-26 |y BK |k DER | ||